| 000 | 00989nam a2200241Ia 4500 | ||
|---|---|---|---|
| 003 | Ost | ||
| 005 | 20260507074922.0 | ||
| 008 | 260507s9999||||xx |||||||||||||| ||und|| | ||
| 020 | _a9957121499 | ||
| 040 | _cfsecg | ||
| 041 | _aara | ||
| 082 | _a350 | ||
| 100 |
_aالنعيمي، صلاح عبد القادر _eمؤلف |
||
| 245 | 0 |
_aالإدارة / _c صلاح عبد القادر النعيمي |
|
| 260 |
_aعمان: _bدار اليازوري العلمية للنشر والتوزيع, _c2008 |
||
| 300 |
_a315 صفحة؛ _bإيضاحات ؛ _c25 سم |
||
| 504 | _aببليوغرافيا: ص.307 | ||
| 520 | _aمقدمة في مفاهيم الادارة والمنظمة والبيئة، اسس الادارة، الوظائف الادارية، العملية الادارية، الوظائف الأساسية للمنظمة | ||
| 653 | _aاتخاذ القرارات | ||
| 653 | _aالادارة | ||
| 653 | _aالمسؤولية الادارية | ||
| 942 | _cكتاب | ||
| 999 |
_c41808 _d41808 |
||